[Event "Summer Cup"]
[Site "Wellington Chess Club"]
[Date "2013.02.07"]
[Round "1"]
[White "Shierlaw, Hamish"]
[Black "Turner, Michael"]
[Result "0-1"]
[WhiteElo "1618"]
[BlackElo "2139"]

1. e4 c6 2. d4 d5 3. Nc3 dxe4 4. Nxe4 Bf5 5. Ng3 Bg6 6. Nf3 e6 7. Bd3 Nf6 8.
O-O Bd6 9. Bg5 Nbd7 10. Re1 Qc7 11. c4 O-O 12. Bxg6 hxg6 13. Bxf6 Nxf6 14. Ne4
Be7 15. Nxf6+ Bxf6 16. Qb3 Rfd8 17. Rad1 Qb6 18. Qxb6 axb6 19. a3 Ra4 20. Ne5
Bxe5 21. dxe5 Rxd1 22. Rxd1 Rxc4 23. Kf1 g5 24. Rd8+ Kh7 25. Rd7 Kg6 26. Rxb7
Rc1+ 27. Ke2 Rc2+ 28. Ke3 Rxb2 29. g3 c5 30. a4 Rb4 31. Ra7 Rb1 32. f4 g4 33.
Kf2 Rb2+ 34. Kg1 c4 35. Rc7 Rb4 36. Ra7 c3 37. Rc7 Rxa4 38. Rxc3 Rb4 39. h4 Rb2
40. Rc7 f6 41. Re7 b5 42. Rxe6 Kf5 43. Re7 b4 44. Rxg7 b3 45. exf6 Kxf6 46. Rb7
Kf5 47. Rb4 Rb1+ 48. Kf2 b2 {#Diagram Hamish has battled superbly in a pawn
down rook ending, and now even has the better of it. I don't think white has
any winning chances at all, but he definitely has the draw in hand.} 49. Kg2 $1
{Necessary. This is a standard pattern. The only inherently safe squares for
the king on the kingside are g2 and h2. On the third rank and beyond the king
is vulnerable to a winning rook check, and on other second rank squares, well
we will see... } 49... Kg6 50. Kf2 $4 {...Oh no!} 50... Rh1 $1 {This is one of
the "Top 10 endgame tricks everyone should know(tm)". I don't think Hamish will
forget this lesson.} 51. Rxb2 Rh2+ 52. Ke3 Rxb2 53. Ke4 Rb5 54. Ke3 Kf5 55. Kf2
Ke4 0-1

[Event "Summer Cup"]
[Site "Wellington Chess Club"]
[Date "2013.02.07"]
[Round "1"]
[White "Theodosiou, Andreas"]
[Black "Stoeveken, Peter"]
[Result "0-1"]
[WhiteElo "1317"]
[BlackElo "1904"]

1. e4 e6 2. d4 d5 3. e5 c5 4. Bb5+ Bd7 5. Bxd7+ Nxd7 6. c3 Qb6 7. Ne2 f6 8. f4
Nh6 9. Qc2 Nf5 10. Qb3 Qxb3 11. axb3 cxd4 12. cxd4 Bb4+ 13. Nbc3 O-O 14. Ng3
Nxd4 15. Kd2 fxe5 16. fxe5 Nxb3+ 0-1

[Event "Summer Cup"]
[Site "Wellington Chess Club"]
[Date "2013.02.07"]
[Round "1"]
[White "Timergazi, Irek"]
[Black "Jackson, Ross"]
[Result "0-1"]
[WhiteElo "1425"]
[BlackElo "1996"]

1. e4 c5 2. Nf3 d6 3. c4 Nc6 4. h3 Nf6 5. d3 g6 6. Nc3 Bg7 7. Be2 O-O 8. O-O a6
9. a3 Rb8 10. Rb1 Ne8 11. Bf4 f5 12. Qd2 Nd4 13. Nxd4 Bxd4 14. Bh6 Ng7 15. Kh1
Rf7 16. f4 b5 17. exf5 Nxf5 18. Rf3 Nxh6 19. g4 Bxc3 0-1

[Event "Summer Cup"]
[Site "Wellington Chess Club"]
[Date "2013.02.07"]
[Round "1"]
[White "Timergazi, Layla"]
[Black "Sknar, Andrew"]
[Result "1-0"]
[WhiteElo "1823"]
[BlackElo "963"]

1. d4 d5 2. c4 dxc4 3. Nf3 Nc6 4. e3 e6 5. Bxc4 Bb4+ 6. Bd2 Bxd2+ 7. Nbxd2 Nf6
8. Bb5 a6 9. Bxc6+ bxc6 10. Ne5 O-O 11. Nxc6 Bb7 12. Nxd8 Rfxd8 13. O-O Rd5 14.
Rc1 Rc8 15. Qb3 Rb8 16. Rxc7 Rg5 17. Rxb7 Rxb7 18. Qxb7 e5 19. Qb8+ Ne8 20.
Qxe8# 1-0

[Event "Summer Cup"]
[Site "Wellington Chess Club"]
[Date "2013.02.07"]
[Round "1"]
[White "Wastney, Scott"]
[Black "Whittle, Jonathon"]
[Result "1-0"]
[WhiteElo "2381"]
[BlackElo "1649"]

1. e4 g6 2. d4 Bg7 3. Nc3 d6 4. f4 e6 5. Nf3 Ne7 6. Be3 Nd7 7. Bd3 b6 8. Qe2
Bb7 9. O-O-O a6 10. h4 Nf6 11. f5 Qd7 12. e5 Nxf5 13. exf6 Bxf6 14. Bf2 h5 15.
Be4 d5 16. Bxf5 gxf5 17. Bg3 c5 18. Be5 Qe7 19. Bxf6 Qxf6 20. dxc5 bxc5 21.
Nxd5 Bxd5 22. Rxd5 Rb8 23. Qe5 Qh6+ 24. Kb1 O-O 25. Rxc5 Rb6 26. Rd1 f6 27. Qc7
Rbb8 28. Qd6 Qe3 29. Rc7 Rf7 30. Rxf7 1-0

[Event "Summer Cup"]
[Site "Wellington Chess Club"]
[Date "2013.02.07"]
[Round "1"]
[White "Wilkins, Mark"]
[Black "Wight, Joshua"]
[Result "1-0"]
[WhiteElo "1909"]
[BlackElo "1410"]

1. d4 d5 2. Nf3 Nc6 3. Bf4 Bf5 4. e3 a6 5. c4 Nb4 6. Na3 e6 7. Qb3 b5 8. c5 Nc6
9. Nc2 Nf6 10. Be2 Nh5 11. Bg3 Nxg3 12. hxg3 Na7 13. Nb4 c6 14. Nd3 Be7 15.
Nfe5 O-O 16. a4 Qa5+ 17. Nb4 Bc2 18. Qc3 Bxa4 19. b3 Rfb8 20. Qd2 Rb7 21. Bd3
h6 22. Bc2 f6 23. Nexc6 Nxc6 24. Nxc6 Qxd2+ 25. Kxd2 Bf8 26. Na5 Rbb8 27. Rhb1
e5 28. bxa4 bxa4 29. Bxa4 exd4 30. exd4 Rc8 31. Rb7 g5 32. Rab1 f5 33. Rd7 Rd8
34. Rbb7 f4 35. g4 Re8 1-0

[Event "Summer Cup"]
[Site "Wellington Chess Club"]
[Date "2013.02.14"]
[Round "2"]
[White "Brockway, Andrew"]
[Black "Meyer, Marany"]
[Result "0-1"]
[WhiteElo "1789"]
[BlackElo "2064"]

1. e4 d6 2. d4 Nf6 3. Nc3 g6 4. Nf3 Bg7 5. h3 b6 6. Be3 Bb7 7. e5 Nfd7 8. e6
fxe6 9. Ng5 Nf8 10. Qg4 Qd7 11. Bb5 c6 12. Bc4 d5 13. Bd3 Na6 14. Qe2 Nb4 15.
Qf3 Nxd3+ 16. cxd3 Bf6 17. Qg3 Qd6 18. Bf4 Qb4 19. O-O h6 20. Nf3 g5 21. Be5 (
21. Bxg5 Bxg5 22. Qc7 Ng6 23. Qxb7 O-O 24. Qxc6) 21... Nd7 22. Rfe1 Bxe5 23.
Nxe5 Qxd4 24. Nxd7 (24. Ng6 Rh7 25. Rxe6) 24... Kxd7 25. Re5 Raf8 26. Rae1 Rf6
27. Ne2 Qxb2 28. Qe3 Rhf8 29. f3 c5 30. Ng3 d4 31. Qe2 Qxe2 32. R1xe2 Bd5 33.
a3 Rb8 34. Rb2 b5 35. Kf2 a5 36. Ke2 Kd6 37. Rxd5+ exd5 38. Kd2 Kc7 39. Nh5 Rc6
40. Ng7 c4 41. Rb1 b4 42. axb4 axb4 43. Re1 Kd7 44. Nf5 c3+ 45. Kc1 Re6 46.
Rxe6 Kxe6 47. Nxd4+ Kd7 48. Kc2 e5 49. Nb3 Kd6 50. Na5 Ra8 51. Nb3 Ra2+ 52. Kc1
Rxg2 53. d4 exd4 54. Nxd4 Kc5 55. Nb3+ Kc4 56. Na5+ 0-1

[Event "Summer Cup"]
[Site "Wellington Chess Club"]
[Date "2013.02.14"]
[Round "2"]
[White "Cunningham, Patrick"]
[Black "Reedy, Brendan"]
[Result "1-0"]
[WhiteElo "1504"]
[BlackElo "2014"]

1. e4 c5 2. d4 cxd4 3. c3 d3 4. Bxd3 Nc6 5. Nf3 d6 6. O-O Nf6 7. Re1 e5 8. Be3
Be7 9. Nbd2 O-O 10. Qc2 h6 11. Rad1 Qc7 12. h3 Be6 13. b3 Rac8 14. Qc1 Qa5 15.
Qb2 d5 16. exd5 Nxd5 17. b4 Qc7 18. Ne4 Nxe3 19. Rxe3 f5 20. Nc5 Bxc5 21. bxc5
e4 22. Nd4 Nxd4 23. cxd4 Bd5 24. Bb1 Qc6 25. a3 f4 26. Rc3 f3 27. Ba2 Kh8 28.
Bxd5 Qxd5 29. Qb3 Qh5 30. Re1 Qg6 31. g3 Rcd8 32. d5 Qf5 33. Kh2 Rxd5 34. Qc2
Rd3 35. Rc4 {#Diagram Pat Cunningham pulled off a second huge upset, but it
must be said that the circumstances this time were completely different.
Brendan played a nice positional game, slowly pushing Pat back. In this
position a winning breakthrough with ...e3 looks imminent...} 35... e3 $4 {But
not right now!}  (35... Qd5 $1 {Prepares ...e3 and is decisive} ) 36. Rf4 $1
{Winning outright} 36... Qxf4 37. gxf4 Rd2 38. Qe4 Rxf2+ 39. Kg3 Rd8 40. Qxe3
Rdd2 41. Qxf2 1-0

[Event "Summer Cup"]
[Site "Wellington Chess Club"]
[Date "2013.02.14"]
[Round "2"]
[White "Dive, Russell"]
[Black "Wilkins, Mark"]
[Result "1-0"]
[WhiteElo "2425"]
[BlackElo "1909"]

1. Nf3 d5 2. c4 Nf6 3. cxd5 Nxd5 4. Nc3 g6 5. Qb3 c6 6. e4 Nb6 7. a4 Be6 8. Qc2
a5 9. Ng5 Qc8 10. b3 Bg7 11. Bb2 {#Diagram} 11... h6 $2 {The loose piece on g7
means that this is a fatal indulgence} 12. Nxe6 Qxe6 13. Nb5 cxb5 14. Bxg7 Rh7
15. Bxb5+ N8d7 16. Bc3 Kf8 17. O-O Nf6 18. Rae1 h5 19. d4 h4 20. d5 Qc8 21. Qd2
Nbd7 22. e5 {#White has only won a single pawn, but the positional gains are
extraordinary. White's position wouldn't look out of place in an art gallery.}
22... Ng4 23. h3 Nh6 24. e6 fxe6 25. Rxe6 Nc5 26. Rxg6 Qf5 27. Rxh6 Ne4 28. Qe3
Nxc3 29. Rxh7 1-0

[Event "Summer Cup"]
[Site "Wellington Chess Club"]
[Date "2013.02.14"]
[Round "2"]
[White "Farrington, Lawrence"]
[Black "Frater, Dylan"]
[Result "1-0"]
[WhiteElo "1730"]
[BlackElo "1552"]

1. e4 c5 2. c3 d6 3. d4 cxd4 4. cxd4 a6 5. Nc3 Nc6 6. Nf3 Bg4 7. Be2 Bxf3 8.
Bxf3 g6 9. O-O Bg7 10. Be3 Nf6 11. Qd2 e5 12. d5 Ne7 13. Na4 Nc8 14. Rac1 b5
15. Nc3 Nd7 16. Ne2 Ncb6 17. b3 O-O 18. Rc6 Nc8 19. Rfc1 Ne7 20. Rxd6 Rc8 21.
Rxa6 f5 22. Bg5 fxe4 23. Bg4 Qe8 24. Be6+ Kh8 25. Ra7 Rd8 26. Rac7 Nf6 27. Bxf6
Rxf6 28. Qe3 Nxd5 29. Bxd5 Rxd5 30. h3 Qf8 31. Rf1 Qd8 32. Qxe4 Qxc7 33. Qxd5
Qc2 34. Qxe5 Rxf2 35. Qe8+ Rf8 36. Rxf8+ 1-0

[Event "Summer Cup"]
[Site "Wellington Chess Club"]
[Date "2013.02.14"]
[Round "2"]
[White "Forster, Bill"]
[Black "Timergazi, Layla"]
[Result "0-1"]
[WhiteElo "2078"]
[BlackElo "1823"]

1. Nf3 d5 2. c4 c6 3. g3 Nf6 4. Bg2 e6 5. O-O Be7 6. d4 O-O 7. Qc2 Nbd7 8. b3
c5 9. Nc3 cxd4 10. Nxd4 dxc4 11. bxc4 Nb6 {#Diagram White's c pawn looks weak
but the dynamic factors favour White} 12. Rd1 $1 {Setting a nice trap} 12...
Nfd7 $1 ( {I was looking forward to} 12... Qc7 13. Ndb5 Qxc4 14. Rd4 Qc5 15.
Ba3 {winning the queen for rook and bishop, but Layla worked that all out and
instead hunkers down} ) 13. Rb1 e5 14. Nf5 Bc5 15. Be3 Qf6 16. Nd5 Nxd5 17.
cxd5 Bxe3 18. Nxe3 {I have a decent, but less than overwhelming advantage, and
I've spent an awful lot of time without killing the game off.} 18... Nb6 19. a4
$2 {With only 10 minutes on my clock I play my first rushed move, and
immediately it's a mistake} 19... Bd7 $1 {Layla can now untangle} 20. Rb4 Rac8
21. Qb3 Rc5 22. Nc4 Nxc4 23. Rxc4 Rxc4 24. Qxc4 Rc8 25. Qb3 Qa6 26. Rb1 b6 27.
Qb2 f6 28. d6 Qxa4 29. Bd5+ Kh8 30. Ra1 Qd4 31. Qxd4 exd4 32. Rxa7 Bh3 33. Ra8
Rxa8 34. Bxa8 {This is a really interesting, unbalanced, dynamically equal
endgame. In such positions one really needs some time to think, but it must be
said that Layla plays much better than me in the complications and fully
exploits my lack of time. In the past endgame play hasn't been her strength,
but on this showing I think those days are over!} 34... Bd7 35. Bd5 g5 36. Kg2
Kg7 37. Kf3 f5 $1 {Embarrassing my king} 38. Kg2 $2 {Retreating like this is
hopeless, I had to accept I wasn't going to own the centre with my king, it
wasn't too late to at least claim a share of the centre though.} 38... Kf6 39.
Kf1 Ke5 40. Bg8 h6 41. Ke1 Kxd6 42. Kd2 Kc5 43. f4 gxf4 44. gxf4 b5 45. Bb3 Bc6
46. e3 dxe3+ 47. Kxe3 Be4 48. Kd2 Kd4 49. Bd1 Bd5 50. Bc2 Be4 51. Bd1 b4 52. h4
Bd3 53. Bb3 Ke4 54. Be6 Bb5 55. Kc2 Ba4+ {Well played Layla} 0-1

[Event "Summer Cup"]
[Site "Wellington Chess Club"]
[Date "2013.02.14"]
[Round "2"]
[White "Jackson, Ross"]
[Black "Ker, Anthony"]
[Result "0-1"]
[WhiteElo "1996"]
[BlackElo "2452"]

1. d4 d6 2. e4 Nf6 3. Nc3 g6 4. f4 Bg7 5. Nf3 c5 6. dxc5 Qa5 7. Qd4 {Ross has
obviously noted the way Scott has been battering Anthony's Pirc with this
sideline for a couple of years now.} 7... O-O { }  ( {At Congress Anthony
played} 7... dxc5 { and lost} ) 8. cxd6 Nxe4 $5 {Houdini quite likes this
attempt - has Anthony done some work on this line?}  ( {Previous Wastney-Ker
games have seen} 8... Nc6 {in this position} ) 9. Qxe4 Bxc3+ {#Diagram} 10. Bd2
{Houdini wants white to sac the exchange but Ross is made of blood, bone and
(in this situation I'm sure) sweat. However the two high level games I have in
my database from this position, did see white recapturing on c3 and winning
brilliantly soon after.} 10... Bxd2+ 11. Nxd2 exd6 12. Kd1 $2 {Black was
obviously doing well, but this ugly move is unlikely to be a good idea. } 12...
Nc6 13. Nb3 Qc7 14. Bd3 Bg4+ 15. Kd2 Rfe8 16. Qa4 Qb6 $1 17. Rhf1 ( {The
problem is} 17. Rae1 {fails to } 17... Qf2+ { winning a rook which leaves white
without a viable method of holding his position together. Now carnage ensues.}
) 17... Qe3+ 18. Kc3 b5 19. Qxb5 Rab8 20. Rae1 Rxb5 21. Rxe3 Rxe3 22. Kd2 Rxd3+
23. Kxd3 Nb4+ 24. Kc4 Be2+ 0-1

[Event "Summer Cup"]
[Site "Wellington Chess Club"]
[Date "2013.02.14"]
[Round "2"]
[White "List, Robert"]
[Black "Theodosiou, Andreas"]
[Result "1-0"]
[WhiteElo "1626"]
[BlackElo "1317"]

1. e4 c5 2. Nc3 Nc6 3. f4 e6 4. Nf3 d5 5. e5 Be7 6. Be2 f6 7. O-O Nh6 8. d4 O-O
9. Bd3 Nf5 10. Ne2 c4 11. Bxf5 exf5 12. c3 b5 13. Be3 b4 14. Qc2 Be6 15. Rfe1
a5 16. b3 fxe5 17. dxe5 bxc3 18. Nxc3 Nb4 19. Qd2 Nd3 20. Re2 Rb8 21. Ng5 Bxg5
22. fxg5 Nxe5 23. Bf4 Qb6+ 24. Kh1 Ng4 25. h3 Rbd8 26. hxg4 fxg4 27. bxc4 dxc4
28. Qe3 Qxe3 29. Bxe3 Rd3 30. Rc1 g3 31. Ne4 Rf5 32. Nxg3 c3 33. Nxf5 Bxf5 34.
Bf4 Bg4 35. Rec2 Be6 36. Rxc3 Rd7 37. a3 Rb7 38. Re1 Rb2 39. Rxe6 1-0

[Event "Summer Cup"]
[Site "Wellington Chess Club"]
[Date "2013.02.14"]
[Round "2"]
[White "Pandey, Alok"]
[Black "Pomeroy, Arthur"]
[Result "0-1"]
[WhiteElo "1833"]
[BlackElo "2108"]

1. d4 Nf6 2. c4 g6 3. Nc3 Bg7 4. e4 d6 5. f3 O-O 6. Be3 Nc6 7. Nge2 a6 8. g4 b5
9. Qd2 e5 10. d5 Na5 11. Ng3 Bd7 12. cxb5 axb5 13. Nxb5 Qb8 (13... Nb3 $1) 14.
a4 Nb3 {White resigned slightly prematurely here, as after } 15. Qd1 Nxa1 16.
Kf2 c6 17. dxc6 Bxc6 {he can round up the Knight and is only the exchange for a
pawn down, with some chances with his queenside pawns} 0-1

[Event "Summer Cup"]
[Site "Wellington Chess Club"]
[Date "2013.02.14"]
[Round "2"]
[White "Rossiter, Philip"]
[Black "Nyberg, Michael"]
[Result "0-1"]
[WhiteElo "1820"]
[BlackElo "2062"]

1. c4 Nf6 2. Nc3 g6 3. g3 d5 4. cxd5 Nxd5 5. Bg2 Nb6 6. Nf3 Bg7 7. O-O O-O 8.
Rb1 c5 9. d3 Nc6 10. Be3 Nd4 11. Qd2 Bg4 12. Ng5 Rb8 13. h3 Bf5 14. Nge4 c4 15.
Bxd4 Bxd4 16. Nb5 a6 17. Nxd4 Qxd4 18. Qc3 Rfd8 19. Rfd1 cxd3 20. Qxd4 Rxd4 21.
exd3 Nd7 22. Rbc1 Ne5 23. Nc5 Nxd3 24. Nxd3 Rxd3 25. Rxd3 Bxd3 26. Rc7 Kf8 27.
Rxb7 Rc8 28. Rb6 Rc2 29. Bb7 a5 30. Kg2 Bc4 31. a3 a4 32. Bc6 {#Diagram} 32...
Bb3 {with a threat} 33. Ra6 $4 Rxc6 $1 0-1

[Event "Summer Cup"]
[Site "Wellington Chess Club"]
[Date "2013.02.14"]
[Round "2"]
[White "Sampathkumar, Shyamkumar"]
[Black "Shierlaw, Hamish"]
[Result "0-1"]
[WhiteElo "1137"]
[BlackElo "1618"]

1. e4 e5 2. Nf3 d6 3. Bc4 Be7 4. O-O Nf6 5. Ng5 O-O 6. Bxf7+ Rxf7 7. Nxf7 Kxf7
8. d4 Nbd7 9. c3 Nxe4 10. Qf3+ Nef6 11. Re1 Rb8 12. Bg5 b6 13. d5 h6 14. Bxf6
Bxf6 15. c4 Kg8 16. Nc3 Ba6 17. b3 Bg5 18. h3 Qf8 19. Qh5 Bd2 20. Re4 Bxc3 21.
Rd1 Nf6 22. Qg6 Nxe4 23. Qxe4 Bd4 24. Rf1 Qf4 25. Qg6 Rf8 26. Qe6+ Qf7 27. Kh2
Qxe6 28. dxe6 Rxf2 29. Rxf2 Bxf2 30. e7 Kf7 0-1

[Event "Summer Cup"]
[Site "Wellington Chess Club"]
[Date "2013.02.14"]
[Round "2"]
[White "Sellen, Ian"]
[Black "Stracy, Don"]
[Result "0-1"]
[WhiteElo "2033"]
[BlackElo "1763"]

1. c4 Nf6 2. Nf3 g6 3. Nc3 Bg7 4. g3 O-O 5. Bg2 Nc6 6. O-O d6 7. d4 a6 8. e4
Rb8 9. Qe2 e5 10. dxe5 dxe5 11. Rd1 Qe7 12. Bg5 Be6 13. Nd5 Bxd5 14. exd5 Na7
15. Qxe5 Rfe8 16. Qxe7 Rxe7 17. d6 cxd6 18. Rxd6 Re6 19. Rxe6 fxe6 20. Re1 Re8
21. Ne5 Re7 22. Ng4 Kf7 {This is as good as it gets for me, a totally won
position. From here on in, Mr Badchess takes over the White pieces} 23. Bh3 Nc6
24. Rd1 (24. Nh6+ Bxh6 25. Bxh6) 24... Rd7 25. Rxd7+ Nxd7 26. Nh6+ Ke8 27. Bxe6
Bxb2 28. Nf7 Ba3 29. Bf4 Ke7 30. Bd5 Nf6 31. Bxc6 bxc6 32. Ne5 c5 33. f3 Ke6
34. Nd3 Nd7 35. Kf2 Nb6 36. Be3 Kd6 37. Bd2 Nxc4 38. Bc3 Kc6 39. f4 Nd6 40. Ke3
Kd5 41. g4 Nb5 42. Bd2 Nd4 43. Nc1 c4 44. Ne2 Nxe2 45. Kxe2 Ke4 46. f5 gxf5 47.
gxf5 Kxf5 48. Bc3 Ke4 49. h3 Bc5 50. Kd2 Bd4 51. a4 Bxc3+ 52. Kxc3 Kd5 53. h4
h5 0-1

[Event "Summer Cup"]
[Site "Wellington Chess Club"]
[Date "2013.02.14"]
[Round "2"]
[White "Sknar, Andrew"]
[Black "Marney, John"]
[Result "0-1"]
[WhiteElo "963"]
[BlackElo "1586"]

1. e4 e5 2. Nf3 Nc6 3. Bc4 Bc5 4. O-O Nf6 5. Ng5 O-O 6. Qf3 Nd4 7. Qh3 Nxc2 8.
Bd5 Nxa1 9. Na3 Bxa3 10. bxa3 Nc2 11. a4 Nd4 12. Ba3 d6 13. Qh4 Qe7 14. a5 h6
15. Nh3 Bxh3 16. Qxh3 Nxd5 17. exd5 Rad8 18. Bb2 Ne2+ 19. Kh1 Nf4 20. Qc3 Nxd5
21. Qb3 c6 22. Qf3 Qe6 23. Qb3 Rb8 24. Qh3 Qxh3 25. gxh3 Nf4 26. Bc3 Nxh3 27.
Re1 Nxf2+ 28. Kg2 Nd3 29. Rf1 Nf4+ 30. Kg3 Ne2+ 31. Kf2 Nxc3 32. dxc3 f5 33.
Ke2 f4 34. Kd3 d5 35. c4 dxc4+ 36. Kxc4 Rbd8 37. Kc3 e4 38. Re1 e3 39. Kc2 Rd2+
40. Kc1 Rxa2 41. Kd1 Ra1+ 42. Ke2 Rxe1+ 43. Kxe1 f3 44. Kf1 c5 45. Ke1 c4 46.
Kd1 f2 47. Ke2 f1=Q+ 48. Kxe3 Re8+ (48... Qd3#) 49. Kd4 Qd1+ 50. Kc5 Qa4 51.
Kd4 c3+ 52. Kxc3 Re3+ 53. Kd2 Rb3 54. Kc2 Qa2+ 55. Kc1 Rb1# 0-1

[Event "Summer Cup"]
[Site "Wellington Chess Club"]
[Date "2013.02.14"]
[Round "2"]
[White "Stoeveken, Peter"]
[Black "Wastney, Scott"]
[Result "0-1"]
[WhiteElo "1904"]
[BlackElo "2381"]

1. d4 Nf6 2. c4 e6 3. Nc3 Bb4 4. a3 Bxc3+ 5. bxc3 b6 6. Nf3 Ba6 7. e4 Nxe4 8.
Qc2 f5 9. Bd3 Bb7 10. h4 O-O 11. Ng5 Nxg5 12. Bxg5 Qe8 13. O-O-O Bxg2 14. Rhg1
Bf3 15. Rde1 Qh5 16. Re3 Nc6 17. Bf4 Be4 18. Bxe4 fxe4 19. Qxe4 Qf5 20. Bh6 Rf7
21. Qh1 Qf6 22. Bg5 Qxf2 23. Reg3 Raf8 24. Qe4 Qa2 {#Diagram} 25. Bf4 $2 {After
this Scott realises his material advantage without problems.}  ( {After a dodgy
opening Peter could have gotten back into the game with the nice shot} 25. Bf6
$1 {which forces white to give queen for rook and bishop} ) 25... Qxa3+ 26. Kd2
Kh8 27. d5 Rxf4 28. Qxf4 Rxf4 29. Rxg7 Ne7 30. Ke3 Nf5+ 0-1

[Event "Summer Cup"]
[Site "Wellington Chess Club"]
[Date "2013.02.14"]
[Round "2"]
[White "Stone, Andrew"]
[Black "Miriyala, Rama Rao"]
[Result "1-0"]
[WhiteElo "2027"]
[BlackElo "2028"]

1. e4 c6 2. d4 d5 3. e5 Bf5 4. Nc3 e6 5. g4 Bg6 6. Nge2 c5 7. Be3 Nc6 8. h4 Nb4
9. Rc1 Qa5 10. a3 Nc6 11. Bg2 h6 12. O-O cxd4 13. Bxd4 Qc7 14. Nf4 Bh7
{#Diagram Andrew Stone made a brave speculative sacrifice and was richly
rewarded} 15. Nfxd5 exd5 16. Nxd5 Qd7 17. Re1 {The computer likes black, but
White's position is brimful of energy} 17... O-O-O $2 {Not one of the playable
moves} 18. Bb6 (18. Bxa7 {immediately is a little more forcing} ) 18... Re8 $2
{Saving the exchange is equivalent to laying a mousetrap in the garden whilst
a large bull is rampaging in the china room.} 19. Bxa7 Qd8 20. Nb6+ Kc7 21.
Bxc6 bxc6 22. Qf3 Qxh4 23. Rcd1 Re7 24. Rd6 1-0

[Event "Summer Cup"]
[Site "Wellington Chess Club"]
[Date "2013.02.14"]
[Round "2"]
[White "Turner, Michael"]
[Black "Roberts, Michael"]
[Result "1-0"]
[WhiteElo "2139"]
[BlackElo "1839"]

1. d4 Nf6 2. c4 g6 3. g3 Bg7 4. Bg2 O-O 5. Nf3 d6 6. O-O c5 7. Nc3 Nbd7 8. e3
Rb8 9. Qe2 b6 10. Bd2 a6 11. a4 Bb7 12. d5 Re8 13. e4 e6 14. dxe6 Rxe6 15. Ng5
Re8 16. f4 h6 17. Nh3 Nxe4 18. Nxe4 f5 19. Bc3 Bxe4 20. Bxg7 Kxg7 21. Rad1 Nf6
22. b4 Bxg2 23. Qxg2 Ne4 24. g4 Kf7 25. gxf5 gxf5 {#Diagram Black has a nice
positional and material advantage, an upset seemed on the cards} 26. Rd5 $5
{Setting a nice trap } 26... Rg8 $2 {Falling into it, black imagines he is
winning material due to the g file pin.} 27. Ng5+ $1 {The key move}  ( {The
obvious} 27. Rxf5+ {allows the black's knight to survive} ) 27... hxg5 28.
Rxf5+ Ke6 $2 {not the best, but black is already much worse} 29. Qxe4+ Kd7 30.
Rf7+ Kc8 31. Qe6+ {with mate next move} 1-0

[Event "Summer Cup"]
[Site "Wellington Chess Club"]
[Date "2013.02.14"]
[Round "2"]
[White "Veldhuizen, Matt"]
[Black "Heaton, Ken"]
[Result "0-1"]
[WhiteElo "1576"]
[BlackElo "1653"]

1. c4 Nf6 2. g3 c5 3. Bg2 Nc6 4. Nc3 e6 5. Nf3 Be7 6. O-O O-O 7. a3 Rb8 8. d3
a6 9. Rb1 b5 10. Bd2 d5 11. cxd5 exd5 12. Bf4 Bd6 13. Bg5 h6 14. Bxf6 Qxf6 15.
Nxd5 Qe6 16. Nc3 Bb7 17. Ne4 Be7 18. Qc2 Nd4 19. Nxd4 cxd4 20. f4 Rbc8 21. Qd2
Qb3 22. Rfc1 Rfd8 23. Nc5 Rxc5 24. Bxb7 Qe6 25. Bf3 Rdc8 26. Rxc5 Rxc5 27. Rc1
Qb6 28. b4 Rc3 29. Qb2 Bf6 30. Kf1 Qc7 31. Rxc3 dxc3 32. Qc2 Qb6 33. Bd5 Qe3
34. Bb3 Bd4 35. Kg2 Qf2+ 36. Kh3 Qf1+ 37. Kg4 h5+ 38. Kf5 Qf3 39. Qa2 g6+ 40.
Kg5 Qg4+ 0-1

[Event "Summer Cup"]
[Site "Wellington Chess Club"]
[Date "2013.02.21"]
[Round "3"]
[White "Cook, John"]
[Black "Jackson, Ross"]
[Result "0-1"]
[WhiteElo "1646"]
[BlackElo "1996"]

1. d4 Nf6 2. e3 c5 3. c3 e6 4. Bd3 d5 5. Nd2 Nc6 6. f4 Bd7 7. Ngf3 cxd4 8. exd4
Nh5 9. g3 g6 10. Ne5 Be7 11. O-O O-O 12. Ndf3 Ng7 13. Ng4 Nf5 14. Nfe5 Be8 15.
b4 a6 16. Qe1 Qd6 17. a4 h5 18. Bxf5 exf5 19. Nf2 Nxe5 $2 20. fxe5 Qc7 21. Bh6
Rc8 22. Bxf8 Bxf8 23. Nd1 Bh6 24. e6 fxe6 25. Qxe6+ Bf7 26. Qe5 Qc6 27. Qe2 Re8
28. Qf3 Re4 29. Kh1 f4 30. a5 Be6 31. gxf4 Rxf4 32. Qg2 Rg4 33. Qf2 Bf5 34. Re1
Bg5 35. Re5 Be4+ 36. Rxe4 dxe4 37. Ne3 Qxc3 38. Re1 Bh4 39. Qa2+ Kg7 40. Rf1
Bf6 41. Nxg4 hxg4 42. Qf2 Qc6 43. Qe3 Qd6 44. Qxe4 Qxb4 45. Qxg4 Qxd4 46. Rd1
0-1